Леонард Эйлер (Запись № 1525845)

Подробности
000 -МАРКЕР
контрольное поле 01632nam0a2200337 4500
001 - ИДЕНТИФИКАТОР ЗАПИСИ
контрольное поле RU\NLR\bibl\1459686
005 - ИДЕНТИФИКАТОР ВЕРСИИ
контрольное поле 20260406051847.0
010 ## - МЕЖДУНАРОДНЫЙ СТАНДАРТНЫЙ НОМЕР КНИГИ (ISBN)
Номер (ISBN) 978-5-98187-297-6
035 ## - ДРУГИЕ СИСТЕМНЫЕ НОМЕРА
Идентификатор записи (NLR Aleph) 001451462
100 ## - ДАННЫЕ ОБЩЕЙ ОБРАБОТКИ
Данные общей обработки 20091006d2009 |||y0rusy50 ca
101 0# - ЯЗЫК РЕСУРСА
Язык текста, звукозаписи и т.д. русский
-- английский
102 ## - СТРАНА ПУБЛИКАЦИИ ИЛИ ПРОИЗВОДСТВА
Страна публикации российская федерация
105 ## - ПОЛЕ КОДИРОВАННЫХ ДАННЫХ: ТЕКСТОВЫЕ МАТЕРИАЛЫ, МОНОГРАФИЧЕСКИЕ
Кодированные данные о монографическом текстовом документе a |||||||||
200 1# - ЗАГЛАВИЕ И СВЕДЕНИЯ ОБ ОТВЕТСТВЕННОСТИ
Основное заглавие Леонард Эйлер
Параллельное заглавие Leohard Euler
Сведения, относящиеся к заглавию к 300-летию со дня рождения
-- [сборник статей
Первые сведения об ответственности сост. доц., к.ф.-м.н. Л.И. Брылевская и др.
Последующие сведения об ответственности ред. совет: проф., чл.-корр. РАО В.Н. Васильев отв. ред. и др.]
Язык параллельного заглавия английский
210 ## - ПУБЛИКАЦИЯ, РАСПРОСТРАНЕНИЕ И ДР.
Место издания, распространения и т.д. Санкт-Петербург
Имя издателя, распространителя и т. д. Нестор-История
Дата издания, распространения и т.д. 2009
215 ## - ФИЗИЧЕСКАЯ ХАРАКТЕРИСТИКА
Специфическое обозначение материала и объем 334, [1] с., [1] л. цв. портр.
Другие сведения о физической характеристике ил.
Размеры 24
300 ## - ОБЩИЕ ПРИМЕЧАНИЯ
Текст примечания Часть текста на англ. яз.
320 ## - ПРИМЕЧАНИЯ О НАЛИЧИИ В ДОКУМЕНТЕ БИБЛИОГРАФИИ / УКАЗАТЕЛЯ
Текст примечания Библиогр. в конце ст.
600 #1 - ИМЯ ЛИЦА КАК ПРЕДМЕТ
Начальный элемент ввода Эйлер
Часть имени, кроме начального элемента ввода Л.
Даты 1707 - 1783
Расширение инициалов личного имени Леонард
Системный номер авторитетной/нормативной записи 1583649
Идентификатор авторитетной/нормативной записи RU\NLR\auth\66695294
686 ## - ИНДЕКСЫ ДРУГИХ КЛАССИФИКАЦИЙ
Индекс В1д(4)Эйлер
702 #1 - ИМЯ ЛИЦА - ВТОРИЧНАЯ ОТВЕТСТВЕННОСТЬ
Код отношения Прочие
Материалы, к которым относится поле ger
Графика поля Латинская
Начальный элемент ввода Euler
Часть имени, кроме начального элемента ввода L.
Даты 1707-1783
Расширение инициалов личного имени Leonhard
Идентификатор авторитетной/нормативной записи RU\NLR\auth\7765340
Системный номер авторитетной/нормативной записи 48269
702 #1 - ИМЯ ЛИЦА - ВТОРИЧНАЯ ОТВЕТСТВЕННОСТЬ
Начальный элемент ввода Брылевская
Часть имени, кроме начального элемента ввода Л. И.
Расширение инициалов личного имени Лариса Ивановна
Код отношения Составитель
702 #1 - ИМЯ ЛИЦА - ВТОРИЧНАЯ ОТВЕТСТВЕННОСТЬ
Код отношения Редактор
Материалы, к которым относится поле rus
Графика поля Кириллица
Начальный элемент ввода Васильев
Даты 1951 -
Часть имени, кроме начального элемента ввода В. Н.
Дополнения к именам, кроме дат д-р техн. наук
Расширение инициалов личного имени Владимир Николаевич
Идентификатор авторитетной/нормативной записи RU\NLR\auth\777020
Системный номер авторитетной/нормативной записи 116963
702 #1 - ИМЯ ЛИЦА - ВТОРИЧНАЯ ОТВЕТСТВЕННОСТЬ
Код отношения Прочие
Материалы, к которым относится поле rus
Графика поля Кириллица
Начальный элемент ввода Эйлер
Часть имени, кроме начального элемента ввода Л.
Даты 1707-1783
Расширение инициалов личного имени Леонард
Идентификатор авторитетной/нормативной записи RU\NLR\auth\7765339
Системный номер авторитетной/нормативной записи 48268
801 #0 - ИСТОЧНИК ЗАПИСИ
Страна российская федерация
Организация NLR
Дата составления 20091006
Правила каталогизации RCR
801 #1 - ИСТОЧНИК ЗАПИСИ
Страна российская федерация
Организация NLR
Дата составления 20091006
830 ## - ОБЩЕЕ ПРИМЕЧАНИЕ, СОСТАВЛЕННОЕ КАТАЛОГИЗАТОРОМ
Текст примечания лица по кн.
942 ## - ДОПОЛНИТЕЛЬНЫЕ ЭЛЕМЕНТЫ ЗАПИСИ (АБИС)
Тип экземпляра АБИС Книга
980 ## - КОЛЛЕКЦИЯ
Название коллекции Национальная библиография
Экземпляры
Тип экземпляра Дата поступления Источник поступления Стоимость Библиотека постоянного хранения Библиотека текущего хранения Место хранения Шифр хранения Штрих-код Статус не для выдачи
Книга 12.01.2010 Покупка 595.00 РНБ (Московский) РНБ (Московский) Русский книжный фонд: издания с 1957 года, 8этаж 2010-7/57 1-795348  
Книга 12.01.2010 Покупка 595.00 РНБ (Садовая) РНБ (Садовая) Универсальный читальный зал У В1д/Э-322 1-116967